Quizzes
Events
Quiz Creation
Community
Videos
Private Events
Remove Ads
Sign In
Join for FREE
Feedback
Dark Mode
Quiz Categories
Sports
Geography
Music
Movies
Television
Just For Fun
Miscellaneous
History
Literature
Language
Science
Gaming
Entertainment
Religion
Holiday
For Kids
Quiz Lab
Recent
Popular Today
Quiz Kudos Today
Editor Picks
Curator Picks
Quizzes by...
Day
Popularity
Type
Ratings
Length
Year
Community
Subscriptions
Recent Discussions
Orange Saloon
Badges
Playlists
Quests
Create
Leaderboards
Showdown
Live 5
Trivia Bingo
Activity
Puzzle Library
Sporcle Events
Private Events
Virtual Trivia
Globe League
Become a Host
Pub Owners
SporcleCon
Opinionation
Our Games
Videos
Blog
Mobile Apps
Partnerships
Remove Ads and Go Orange
Feedback
Sports
Athletes
MLB
NBA
NHL
NFL
Soccer
Sports Teams
WWE
NCAA
Football
Premier League
Basketball
Baseball
Hockey
Golf
Tennis
Cricket
Rugby
Auto Racing
Olympics
World Cup
Sports
Athletes
MLB
NBA
NHL
NFL
Soccer
Sports Teams
WWE
NCAA
Football
Premier League
Basketball
Baseball
Hockey
Golf
Tennis
Cricket
Rugby
Auto Racing
Olympics
World Cup
Random Quiz
Search Sporcle
×
Quiz Lab
Quiz Lab
Sports
Soccer
Type in answers that appear in a list
Type in answers that appear in a list
Classic
Best Score? Go Orange.
UEFA Team Crests (Part III) Stats
Can you name the UEFA Team Crests (Part III)?
By
Macho_Man
7m
40 Questions
485 Plays
485 Plays
485 Plays
Comments
Comments
Give Quiz Kudos
Give Quiz Kudos
-
- Ratings
hide this ad
More Info
Replay
Link that replays current quiz
Next Quiz
Link to next quiz in quiz playlist
You Got
0%
They Got
Avg Score
51%
Avg Friend Score
Upgrade to see
Score Distribution
Jump to the score distribution portion of the page
Score
0/40
Timer
07:00
0
Plays Today
Number
UEFA Affiliated Club
% Correct
1
Arsenal F.C.
96.9%
3
Celtic F.C.
88.7%
35
Manchester United F.C.
85.6%
31
Chelsea F.C.
84.7%
28
Liverpool F.C.
83.5%
29
Paris Saint-Germain F.C.
82.9%
38
F.C. Internazionale Milano
80.6%
34
VfL Wolfsburg
75.7%
37
Rangers F.C
73.8%
5
Lille OSC
73.2%
9
Feyenoord
71.8%
20
Sporting Clube de Portugal
69.3%
21
BSC Young Boys
69.1%
14
Sevilla FC
67.2%
7
Panathinaikos AO
66.2%
11
Southampton F.C.
66%
39
GNK Dinamo Zagreb
65.8%
2
Atalanta B.C.
60%
16
FC Dynamo Kyiv
59.6%
24
Málaga CF
58.6%
Number
UEFA Affiliated Club
% Correct
13
Udinese Calcio
58.1%
25
Celta de Vigo
49.3%
8
Montpellier HSC
44.3%
30
FC Utrecht
42.1%
32
Standard Liège
40.8%
36
Stade Rennais F.C.
38.1%
15
Trabzonspor
36.7%
4
Brøndby IF
31.5%
12
FC Zürich
30.5%
19
JSD Partizan
29.9%
33
Malmö FF
28.7%
22
Dundee United F.C.
28.5%
17
FK Austria Wien
27.8%
10
NK Maribor
27.2%
26
Luton Town F.C.
19%
23
Ferencvárosi TC
13%
18
Shelbourne F.C.
8.2%
6
FC Dinamo Tbilisi
7.2%
40
Cliftonville F.C.
5.4%
27
SK Sigma Olomouc
3.5%
Quiz Playlist
Details
Report
Send in Message
Add To Playlist
More Info:
Team crests as of 2012
Classic:
Type in answers that appear in a list
Quiz Source
Last Updated: Apr 25, 2018
Quiz Scoreboard
CHALLENGE
Sign Up to Join the Scoreboard
Show All
Scores
Hide
Comments
May contain spoilers
Recently Published
Click the 1999 NBA Draft
by nibperrychub
Sports
2m
Alphabetical 'K' Countries by Flag Minefield
by ylime102
Geography
3m
Pick 6: Fruits
by JohnFran
Miscellaneous
15s
More to Explore
Quiz From the Vault
Featured Blog Post
15 Basketball Trivia Facts You Can Be March Mad About
hide this ad
You Might Also Like...
Tags
Football Quiz
Soccer Quiz
Football Clubs
UEFA
UEFA Club
UEFA Europa League
UEFA Members
Today's Top Quizzes in Sports
Browse Sports
hide this ad
Today's Top Quizzes in Soccer
Browse Soccer
Top Contributed Quizzes in Sports
1
Les joueurs à 100 buts en Ligue 1 Uber Eats
2
Pick 6: NFL Teams
3
MLB 2 truths and a lie: Hall of Fame pitchers
4
Criteria MLB: Left Handed Sluggers
5
2022 World Cup Stars
6
Don't Strike Out: 3000 Strikeouts
7
Millionaire: NBA Finals Edition
8
Pick 6: Minor League Baseball
9
Click the 1998 NBA Draft
10
Pick 6: Olympics
Explore More
Trending Topics
Disney
NBA
Anime
Crossword
Harry Potter
Marvel
Kpop
Country
NFL
Song
Puzzle
WWE
Pokémon
Soccer
The Office
hide this ad
Score Distribution
Quiz Creator Spotlight
Macho_Man
Follow
Send a Message
Quizzes Created
-
Created Quiz Play Count
-
Popular Quizzes Today
1
Countries of Asia Without Outlines Minefield
2
Find the US States - No Outlines Minefield
3
Pick 6: Fruits
4
Alphabetical 'K' Countries by Flag Minefield
5
The Countries of the World
6
Find the US States
7
US States
8
Match the Book to the Film X
More Sports Quizzes
Top Scoring All-Time World Cup Teams
Published
Trending Quizzes
Pick 6: Harry Potter
Pick 6: Mountains
Pick 6: NFL Teams
Pick 6: Movie Franchises
Pick 6: Golfers
Recently Updated
NWSL Teams
pecheneg
Women's Final Four Teams by Year
bhenderson79
Presidents Quartet II
eogle
Anything But Clue(do)
eogle
Anything But Oceanian Capitals
eogle
Anything But 7
eogle
Anything But Thing
eogle
Word Ladder: February 29
pecheneg
Song Title Questions
pecheneg
Women's NCAA Tournament #1 Seeds
pecheneg
Trending Topics
NBA
Disney
Marvel
Harry Potter
Crossword
Kpop
Anime
Soccer
Pokémon
Country
WWE
Song
NFL
The Office
Puzzle
Your Account Isn't Verified!
In order to create a playlist on Sporcle, you need to verify the email address you used during registration. Go to your
Sporcle Settings
to finish the process.
Report this User
Report this user for behavior that violates our
Community Guidelines
.
Details:
Send Report
Go to the Sporcle.com Mobile Site →
Comments